The Tale of the old fisherman :contemporary Urdu short stories (Record no. 69750)
[ view plain ]
| 000 -LEADER | |
|---|---|
| fixed length control field | 01732cam a2200337 a 4500 |
| 001 - CONTROL NUMBER | |
| control field | 2962571 |
| 003 - CONTROL NUMBER IDENTIFIER | |
| control field | NUST - PNEC |
| 005 - DATE AND TIME OF LATEST TRANSACTION | |
| control field | 20170116181126.0 |
| 008 - FIXED-LENGTH DATA ELEMENTS--GENERAL INFORMATION | |
| fixed length control field | 910206s1991 dcuc b 000 1 eng |
| 010 ## - LIBRARY OF CONGRESS CONTROL NUMBER | |
| LC control number | 91050117 |
| 020 ## - INTERNATIONAL STANDARD BOOK NUMBER | |
| International Standard Book Number | 0894106821 (pbk.) : |
| Terms of availability | $11.00 |
| 020 ## - INTERNATIONAL STANDARD BOOK NUMBER | |
| International Standard Book Number | 0894106813 (cloth) : |
| Terms of availability | $25.00 |
| 040 ## - CATALOGING SOURCE | |
| Original cataloging agency | DLC |
| Transcribing agency | LIBRARY |
| Modifying agency | DLC |
| 041 1# - LANGUAGE CODE | |
| Language code of text/sound track or separate title | eng |
| Language code of original | urd |
| 050 00 - LIBRARY OF CONGRESS CALL NUMBER | |
| Classification number | PK2211.E8 |
| Item number | T3 1991 |
| 082 00 - DEWEY DECIMAL CLASSIFICATION NUMBER | |
| Classification number | 891.43930108 MEN |
| Edition number | 20 |
| 100 ## - MAIN ENTRY--PERSONAL NAME | |
| 9 (RLIN) | 13686 |
| Personal name | Memon, Muhammad Umar |
| 245 04 - TITLE STATEMENT | |
| Title | The Tale of the old fisherman :contemporary Urdu short stories |
| Statement of responsibility, etc. | Muhammad Umar Memon. |
| 250 ## - EDITION STATEMENT | |
| Edition statement | 1st ed. |
| 260 ## - PUBLICATION, DISTRIBUTION, ETC. | |
| Place of publication, distribution, etc. | Washington, D.C. : |
| Name of publisher, distributor, etc. | Three Continents Press, |
| Date of publication, distribution, etc. | c.1992 |
| 300 ## - PHYSICAL DESCRIPTION | |
| Extent | 187 p. : |
| Other physical details | ports. ; |
| Dimensions | 23 cm. |
| 500 ## - GENERAL NOTE | |
| General note | Translation of Urdu stories. |
| 500 ## - GENERAL NOTE | |
| General note | "An Original by Three Continents Press." |
| 504 ## - BIBLIOGRAPHY, ETC. NOTE | |
| Bibliography, etc. note | Includes bibliographical references. |
| 505 0# - FORMATTED CONTENTS NOTE | |
| Formatted contents note | Purvai--the easterly wind / Zamiruddin Ahmad -- The wagon / Khalida Asghar -- Of coconuts and chilled beer bottles / Masud Ashar -- Fire, ashes, and water / Saleem Asmi -- The seventh door / Intizar Husain -- The tale of the old fisherman / Abdullah Hussein -- Two men, slightly wet / Iqbal Majeed -- The poor dears / Hasan Manzar -- The dark alley / Muhammad Umar Memon -- Wood chopped in the jungle / Surender Parkash -- Siberia / Muhammad Salimur Rahman -- Scorpion, cave, pattern / Enver Sajjad. |
| 650 #0 - SUBJECT ADDED ENTRY--TOPICAL TERM | |
| Topical term or geographic name entry element | Short stories, Urdu |
| Form subdivision | Translations into English. |
| General subdivision | Fiction |
| 700 1# - ADDED ENTRY--PERSONAL NAME | |
| Personal name | Memon, Muhammad Umar, |
| Dates associated with a name | 1939- |
| 906 ## - LOCAL DATA ELEMENT F, LDF (RLIN) | |
| a | 7 |
| b | cbc |
| c | orignew |
| d | 1 |
| e | ocip |
| f | 19 |
| g | y-gencatlg |
| 942 ## - ADDED ENTRY ELEMENTS (KOHA) | |
| Source of classification or shelving scheme | |
| Koha item type | Book |
| Withdrawn status | Lost status | Source of classification or shelving scheme | Damaged status | Not for loan | Permanent Location | Current Location | Shelving location | Date acquired | Total Checkouts | Full call number | Barcode | Date last seen | Price effective from | Koha item type |
|---|---|---|---|---|---|---|---|---|---|---|---|---|---|---|
| Pakistan Navy Engineering College (PNEC) | Pakistan Navy Engineering College (PNEC) | 891.43930108 MEN | PNECLIB-016977 | 10/05/2015 | Book |
